[Event "URU-ch sf"]
[Site "Montevideo"]
[Date "2022.02.27"]
[Round "4"]
[White "Michailov, Matias"]
[Black "Vassallo, Mariano"]
[Result "1-0"]
[WhiteElo "2248"]
[BlackElo "1581"]
[PlyCount "59"]
[EventDate "2022.02.26"]
[EventType "swiss"]
[EventRounds "7"]
[EventCountry "URU"]
[SourceTitle "CBM 207 Extra"]
[Source "ChessBase"]
[SourceDate "2022.05.31"]
[SourceVersion "1"]
[SourceVersionDate "2022.05.31"]
[SourceQuality "1"]

1. d4 d5 2. c4 e6 3. Nf3 Nf6 4. g3 Be7 5. Bg2 Nbd7 6. 0-0 0-0 7. Qc2 c6 8. Nbd2 Re8 9. e4 dxe4 10. Nxe4 Nxe4 11. Qxe4 Nf6 12. Qe2 c5 13. dxc5 Bxc5 14. Ne5 Qb6 15. Bf4 Bd4 16. Rab1 Nd7 17. Rfd1 Nxe5 18. Bxe5 Bxe5 19. Qxe5 f6 20. Qh5 Rd8 21. Rxd8+ Qxd8 22. Rd1 Qe7 23. Qb5 Rb8 24. c5 Kf8 25. Qd3 h6 26. Qh7 Qc7 27. Bf3 Qxc5 28. Rd8+ Ke7 29. Qg8 Qc1+ 30. Kg2 1-0

[Event "Montevideo Duchamp Cup 5th"]
[Site "Montevideo"]
[Date "2022.02.13"]
[Round "2"]
[White "Michailov, Matias"]
[Black "Silva Rosas, Natalia"]
[Result "1-0"]
[WhiteElo "2248"]
[BlackElo "1777"]
[PlyCount "119"]
[EventDate "2022.02.12"]
[EventType "swiss"]
[EventRounds "9"]
[EventCountry "URU"]
[SourceTitle "CBM 206 Extra"]
[Source "ChessBase"]
[SourceDate "2022.03.31"]
[SourceVersion "1"]
[SourceVersionDate "2022.03.31"]
[SourceQuality "1"]

1. d4 Nf6 2. Nf3 g6 3. c4 Bg7 4. Nc3 0-0 5. e4 d6 6. Be2 c6 7. 0-0 Bg4 8. Be3 Nbd7 9. h3 Bxf3 10. Bxf3 e5 11. d5 c5 12. a3 Nb6 13. Qd3 Rc8 14. Rfc1 a6 15. Rab1 Nfd7 16. Na2 f5 17. b4 f4 18. Bd2 Na4 19. Bd1 Nab6 20. Bg4 h5 21. Be6+ Kh8 22. Rc2 Rb8 23. Nc1 Rf6 24. Nb3 Nf8 25. bxc5 dxc5 26. Nxc5 Nxe6 27. dxe6 Qxd3 28. Nxd3 Rxe6 29. c5 Nd7 30. Rcb2 Bf8 31. Rxb7 Rxb7 32. Rxb7 Nxc5 33. Rb8 Nxd3 34. Rxf8+ Kg7 35. Rd8 Nc5 36. f3 Re7 37. Rd5 Nb3 38. Bc3 Kf6 39. h4 Re6 40. Kf2 Re7 41. Ke2 Re6 42. Kd3 Nc1+ 43. Kd2 Nb3+ 44. Kc2 Nd4+ 45. Bxd4 exd4 46. Kd3 Rb6 47. Kxd4 Rb2 48. Rd6+ Kf7 49. Ke5 Rxg2 50. Kxf4 Rh2 51. Kg3 Rh1 52. Rxa6 Rg1+ 53. Kh2 Rf1 54. Kg2 Ra1 55. a4 Ra2+ 56. Kg3 Ra1 57. a5 Ke7 58. Kf4 Rh1 59. Rxg6 Rxh4+ 60. Kf5 1-0

[Event "Titled Tuesday intern op 01st Feb-A"]
[Site "Chess.com INT"]
[Date "2022.02.01"]
[Round "7"]
[White "Johnson, Ben"]
[Black "Michailov, Matias"]
[Result "0-1"]
[WhiteElo "2104"]
[BlackElo "2248"]
[PlyCount "70"]
[EventDate "2022.02.01"]
[EventType "swiss (blitz)"]
[EventRounds "11"]
[EventCountry "USA"]
[SourceTitle "CBM 206 Extra"]
[Source "ChessBase"]
[SourceDate "2022.03.31"]
[SourceVersion "1"]
[SourceVersionDate "2022.03.31"]
[SourceQuality "1"]

1. Nf3 Nf6 2. c4 g6 3. b3 Bg7 4. Bb2 0-0 5. g3 a5 6. Bg2 a4 7. 0-0 d5 8. cxd5 Nxd5 9. Bxg7 Kxg7 10. e4 Nb6 11. d4 Bg4 12. Nc3 axb3 13. Qxb3 Bxf3 14. Bxf3 Qxd4 15. Nb5 Qe5 16. Rac1 Na6 17. Bg2 c6 18. Na3 Qa5 19. Nc4 Nxc4 20. Qxc4 Nc7 21. Rb1 Ra7 22. Rfd1 Ne6 23. Rd7 Qc5 24. Qe2 Rfa8 25. Qb2+ Kg8 26. Rxb7 Rxb7 27. Qxb7 Rxa2 28. Rf1 Nd4 29. Qb1 Rd2 30. h4 e5 31. Qa1 Ne2+ 32. Kh1 Qd4 33. Qa8+ Kg7 34. Qxc6 Nc3 35. Qc7 Nd1 0-1

[Event "Titled Tuesday intern op 01st Feb-A"]
[Site "Chess.com INT"]
[Date "2022.02.01"]
[Round "6"]
[White "Michailov, Matias"]
[Black "Nemec, Jachym"]
[Result "0-1"]
[WhiteElo "2248"]
[BlackElo "2402"]
[PlyCount "110"]
[EventDate "2022.02.01"]
[EventType "swiss (blitz)"]
[EventRounds "11"]
[EventCountry "USA"]
[SourceTitle "CBM 206 Extra"]
[Source "ChessBase"]
[SourceDate "2022.03.31"]
[SourceVersion "1"]
[SourceVersionDate "2022.03.31"]
[SourceQuality "1"]

1. d4 Nf6 2. Nf3 d5 3. c4 c6 4. Qc2 dxc4 5. Qxc4 Bf5 6. Nc3 e6 7. g3 Nbd7 8. Bg2 Be7 9. 0-0 0-0 10. Re1 Ne4 11. Bf4 Rc8 12. Nd2 Nxd2 13. Bxd2 b5 14. Qb3 Nb6 15. e4 Bg6 16. Be3 Nc4 17. Rad1 Nxe3 18. Rxe3 Qb6 19. d5 Bc5 20. Re2 Bh5 21. dxe6 Bxe2 22. Nxe2 fxe6 23. Qxe6+ Kh8 24. Nf4 Bxf2+ 25. Kh1 Rcd8 26. Rf1 Rde8 27. Qh3 Kg8 28. Qg4 Bd4 29. Rd1 c5 30. b4 Be5 31. Nd5 Qc6 32. bxc5 Qxc5 33. Qd7 Qd6 34. Qxb5 Rf2 35. Qc4 Kh8 36. Bh3 Ref8 37. Bf5 g6 38. Bg4 Qa3 39. Qb3 Qxb3 40. axb3 Rf1+ 41. Rxf1 Rxf1+ 42. Kg2 Rb1 43. b4 Rb2+ 44. Kf3 Rxh2 45. Bd7 Rb2 46. g4 Kg7 47. g5 Kf8 48. b5 Rb3+ 49. Ke2 Ra3 50. Nf6 Bxf6 51. gxf6 Kf7 52. e5 Rg3 53. Kd2 Rg5 54. Kc3 Rxe5 55. Kd4 Rh5 0-1

[Event "URU-ch 92nd"]
[Site "Montevideo"]
[Date "2021.11.23"]
[Round "2"]
[White "Rodi, Luis Ernesto"]
[Black "Michailov, Matias"]
[Result "1-0"]
[WhiteElo "2358"]
[BlackElo "2262"]
[PlyCount "91"]
[EventDate "2021.11.22"]
[EventType "tourn"]
[EventRounds "11"]
[EventCountry "URU"]
[EventCategory "2"]
[SourceTitle "CBM 205 Extra"]
[Source "ChessBase"]
[SourceDate "2022.01.31"]
[SourceVersion "1"]
[SourceVersionDate "2022.01.31"]
[SourceQuality "1"]

1. c4 g6 2. Nc3 Bg7 3. g3 c5 4. Bg2 Nc6 5. e4 d6 6. Nge2 Nf6 7. 0-0 0-0 8. d3 a6 9. h3 Rb8 10. a4 Nd7 11. Be3 Nd4 12. Rb1 Nxe2+ 13. Qxe2 Ne5 14. f4 Nc6 15. f5 Nd4 16. Qd2 b5 17. Bh6 Bb7 18. Bxg7 Kxg7 19. axb5 axb5 20. cxb5 Qa5 21. Rf4 f6 22. fxg6 hxg6 23. Rh4 Rh8 24. Rxh8 Rxh8 25. e5 Qa8 26. exf6+ exf6 27. h4 f5 28. b4 f4 29. bxc5 dxc5 30. Ne4 f3 31. Nxc5 Ne2+ 32. Kf2 Bd5 33. Bf1 Re8 34. Qg5 Qa2 35. Ra1 Qxa1 36. Qxd5 Re5 37. Qd7+ Kh6 38. Ne6 Rxe6 39. Qxe6 Nd4 40. Qe3+ Kh7 41. Qe7+ Kg8 42. Qd8+ Kh7 43. b6 Qa2+ 44. Ke3 Nc2+ 45. Kf4 Qe6 46. Qc7+ 1-0

[Event "URU-ch 91st"]
[Site "Montevideo"]
[Date "2021.08.21"]
[Round "8"]
[White "Hoffman, Alejandro"]
[Black "Michailov, Matias"]
[Result "0-1"]
[WhiteElo "2474"]
[BlackElo "2251"]
[PlyCount "120"]
[EventDate "2021.03.13"]
[EventType "tourn"]
[EventRounds "9"]
[EventCountry "URU"]
[EventCategory "1"]
[SourceTitle "EXT 2022"]
[Source "ChessBase"]
[SourceDate "2021.10.06"]
[SourceVersion "1"]
[SourceVersionDate "2021.10.06"]
[SourceQuality "1"]

1. d4 Nf6 2. Nf3 g6 3. c4 Bg7 4. Nc3 0-0 5. e4 d6 6. Be2 e5 7. Be3 Ng4 8. Bg5 f6 9. Bh4 g5 10. Bg3 Nh6 11. d5 Nd7 12. Nd2 f5 13. exf5 Nc5 14. Nde4 Nxe4 15. Nxe4 Bxf5 16. Bd3 g4 17. 0-0 Bg6 18. Rc1 Qe7 19. c5 Kh8 20. cxd6 cxd6 21. Rc4 Rad8 22. Qe2 Rd7 23. Rfc1 Qd8 24. b4 Bf5 25. a4 Qe7 26. a5 Qf7 27. Nc3 Bxd3 28. Qxd3 Nf5 29. Rxg4 Rc7 30. Re1 h5 31. Rge4 Nxg3 32. hxg3 Qxf2+ 33. Kh2 Qf5 34. Nb5 Rd7 35. Nxa7 Bh6 36. Qe2 Bg5 37. Nb5 h4 38. g4 Qf7 39. Rd1 Bf4+ 40. Kh3 Rc8 41. Rc4 Re8 42. Nc3 Qg6 43. Ne4 Rg7 44. Rd3 Reg8 45. b5 Qe8 46. Nxd6 Qd7 47. Rxf4 exf4 48. Qe6 Qxe6 49. dxe6 Re7 50. Nf7+ Kg7 51. Rd6 Ra8 52. Rb6 Rxa5 53. g5 Ra3+ 54. Kxh4 Rg3 55. Nd6 Kg6 56. Rxb7 Rxe6 57. Nf7 Rxg2 58. Nh8+ Kf5 59. Rf7+ Ke4 60. g6 Kf3 0-1

[Event "Titled Tuesday intern op 13th July"]
[Site "Chess.com INT"]
[Date "2021.07.13"]
[Round "3"]
[White "Michailov, Matias"]
[Black "Buscar, Michael"]
[Result "0-1"]
[WhiteElo "2249"]
[BlackElo "2088"]
[PlyCount "48"]
[EventDate "2021.07.13"]
[EventType "swiss (blitz)"]
[EventRounds "11"]
[EventCountry "USA"]
[SourceTitle "CBM 203 Extra"]
[Source "ChessBase"]
[SourceDate "2021.09.30"]
[SourceVersion "1"]
[SourceVersionDate "2021.09.30"]
[SourceQuality "1"]

1. d4 Nf6 2. Nf3 g6 3. c4 Bg7 4. Nc3 d6 5. e4 0-0 6. Be2 e5 7. d5 Nbd7 8. Bg5 h6 9. Bh4 g5 10. Bg3 Nc5 11. Nd2 a5 12. h4 g4 13. h5 a4 14. Bh4 Qe8 15. Bxf6 Bxf6 16. Nf1 Bg5 17. Ng3 f5 18. exf5 Bxf5 19. 0-0 Bh7 20. Bxg4 Rf4 21. Be2 Rd4 22. Nb5 Rxd1 23. Raxd1 Qe7 24. Bg4 Rf8 0-1

[Event "Titled Tuesday intern op 13th July"]
[Site "Chess.com INT"]
[Date "2021.07.13"]
[Round "6"]
[White "Obolentseva, Alexandra"]
[Black "Michailov, Matias"]
[Result "0-1"]
[WhiteElo "2302"]
[BlackElo "2249"]
[PlyCount "86"]
[EventDate "2021.07.13"]
[EventType "swiss (blitz)"]
[EventRounds "11"]
[EventCountry "USA"]
[SourceTitle "CBM 203 Extra"]
[Source "ChessBase"]
[SourceDate "2021.09.30"]
[SourceVersion "1"]
[SourceVersionDate "2021.09.30"]
[SourceQuality "1"]

1. d4 Nf6 2. c4 g6 3. Nc3 Bg7 4. e4 d6 5. Nf3 0-0 6. Be2 e5 7. 0-0 Nc6 8. d5 Ne7 9. b4 Nh5 10. Re1 f5 11. Ng5 Nf6 12. Bf3 c6 13. dxc6 bxc6 14. exf5 gxf5 15. b5 e4 16. Be2 d5 17. cxd5 Nfxd5 18. Nxd5 cxd5 19. Rb1 h6 20. Nh3 d4 21. Bc4+ Kh7 22. Nf4 Qd6 23. g3 Bd7 24. Qb3 Rac8 25. Ba3 Qe5 26. Nd3 Qf6 27. Nc5 Rfd8 28. Nxd7 Rxd7 29. Be6 Rc3 30. Bxd7 Rxb3 31. Rxb3 d3 32. Bc5 Nd5 33. f3 Qf7 34. Bc6 d2 35. Rd1 e3 36. Bxd5 Qxd5 37. Bxe3 Qxf3 38. Rxd2 Qe4 39. Bxa7 Qe1+ 40. Kg2 Qxd2+ 41. Kh3 Qxa2 42. Rf3 Qxa7 43. Rxf5 Kg6 0-1

[Event "Titled Tuesday intern op 06th July"]
[Site "Chess.com INT"]
[Date "2021.07.06"]
[Round "3"]
[White "Michailov, Matias"]
[Black "Sargissyan, Sargis"]
[Result "1-0"]
[WhiteElo "2249"]
[BlackElo "2269"]
[PlyCount "87"]
[EventDate "2021.07.06"]
[EventType "swiss (blitz)"]
[EventRounds "11"]
[EventCountry "USA"]
[SourceTitle "EXT 2022"]
[Source "ChessBase"]
[SourceDate "2021.10.06"]
[SourceVersion "1"]
[SourceVersionDate "2021.10.06"]
[SourceQuality "1"]

1. d4 Nf6 2. Nf3 g6 3. c4 Bg7 4. Nc3 0-0 5. e4 d6 6. Be2 e5 7. d5 a5 8. Bg5 h6 9. Bh4 Na6 10. Nd2 h5 11. 0-0 Bh6 12. f3 Be3+ 13. Kh1 g5 14. Bf2 Bxf2 15. Rxf2 Nc5 16. b3 Bd7 17. Nf1 h4 18. Ne3 Nh5 19. a3 Nf4 20. Bf1 Kg7 21. b4 axb4 22. axb4 Rxa1 23. Qxa1 Nb3 24. Qa7 b6 25. Ra2 Nd4 26. c5 bxc5 27. bxc5 h3 28. g3 Ng6 29. Rf2 g4 30. fxg4 Qg5 31. Ncd1 Bxg4 32. Qxc7 Bxd1 33. Nxd1 Qc1 34. Qxd6 Qxd1 35. Qf6+ Kg8 36. c6 Qe1 37. c7 Qxe4+ 38. Kg1 Qxd5 39. Bxh3 Qc5 40. c8Q Rxc8 41. Bxc8 Nf3+ 42. Qxf3 Qxc8 43. Qxf7+ Kh8 44. Qxg6 1-0

[Event "Titled Tuesday intern op 06th July"]
[Site "Chess.com INT"]
[Date "2021.07.06"]
[Round "7"]
[White "Michailov, Matias"]
[Black "Sviridova, Vlada"]
[Result "1-0"]
[WhiteElo "2249"]
[BlackElo "2144"]
[PlyCount "75"]
[EventDate "2021.07.06"]
[EventType "swiss (blitz)"]
[EventRounds "11"]
[EventCountry "USA"]
[SourceTitle "EXT 2022"]
[Source "ChessBase"]
[SourceDate "2021.10.06"]
[SourceVersion "1"]
[SourceVersionDate "2021.10.06"]
[SourceQuality "1"]

1. d4 d5 2. c4 c6 3. Nf3 Nf6 4. Qc2 dxc4 5. Qxc4 Bf5 6. Nc3 e6 7. g3 Nbd7 8. Bg2 Be7 9. 0-0 0-0 10. Re1 Ne4 11. Bf4 Qb6 12. Qb3 Nxc3 13. bxc3 Be4 14. Nd2 Bxg2 15. Kxg2 c5 16. Nc4 Qc6+ 17. f3 b6 18. a4 Rac8 19. Rec1 Rfd8 20. e4 g5 21. Be3 g4 22. Qd1 f5 23. d5 exd5 24. exd5 Qg6 25. d6 Bf6 26. Qd5+ Kh8 27. Bf4 gxf3+ 28. Qxf3 Re8 29. Re1 Re4 30. Nd2 Rxe1 31. Rxe1 Re8 32. Rxe8+ Qxe8 33. Nc4 Qe6 34. Qd3 Kg7 35. Kf3 h5 36. Ne3 Kg6 37. Qd5 Bxc3 38. Qxe6+ 1-0

[Event "Titled Tuesday intern op 06th July"]
[Site "Chess.com INT"]
[Date "2021.07.06"]
[Round "8"]
[White "Tomiello, Mateus Costamilan"]
[Black "Michailov, Matias"]
[Result "1-0"]
[WhiteElo "2076"]
[BlackElo "2249"]
[PlyCount "140"]
[EventDate "2021.07.06"]
[EventType "swiss (blitz)"]
[EventRounds "11"]
[EventCountry "USA"]
[SourceTitle "EXT 2022"]
[Source "ChessBase"]
[SourceDate "2021.10.06"]
[SourceVersion "1"]
[SourceVersionDate "2021.10.06"]
[SourceQuality "1"]

1. e4 c5 2. Nf3 d6 3. d4 cxd4 4. Nxd4 Nf6 5. Nc3 g6 6. Be3 Bg7 7. f3 0-0 8. Qd2 Nc6 9. Bc4 Bd7 10. 0-0-0 Rc8 11. Bb3 Ne5 12. Kb1 Nc4 13. Bxc4 Rxc4 14. h4 h5 15. g4 hxg4 16. h5 Nxh5 17. fxg4 Bxg4 18. Rdg1 Qd7 19. Nd5 Re8 20. c3 e6 21. Nb6 axb6 22. Rxg4 Nf6 23. Rgh4 e5 24. Bg5 Nxe4 25. Qh2 f5 26. Rh8+ Kf7 27. Rh7 Rg8 28. Bh6 Nf6 29. Rxg7+ Rxg7 30. Bxg7 Kxg7 31. Qh8+ Kf7 32. Nf3 Ke6 33. Ng5+ Kd5 34. Qxf6 Rg4 35. Rd1+ Kc5 36. Ne6+ Kc6 37. Nf8 Qc7 38. Qe6 b5 39. Qd5+ Kb6 40. Ne6 Qc6 41. Qd3 Qe4 42. Qxe4 Rxe4 43. Rxd6+ Ka7 44. Nc5 Re1+ 45. Kc2 g5 46. Rd7 g4 47. Rxb7+ Ka8 48. Rxb5 g3 49. Nd3 g2 50. Nxe1 g1Q 51. Nd3 Qg2+ 52. Kb3 Qe4 53. Ra5+ Kb8 54. Rb5+ Kc7 55. Nc5 Qd5+ 56. c4 Qd1+ 57. Kb4 e4 58. Rb7+ Kc8 59. Re7 Qd6 60. Re6 Qb8+ 61. Kc3 Qc7 62. Na6 Qg3+ 63. Kb4 Qd3 64. Rc6+ Kd7 65. Nc5+ Kxc6 66. Nxd3 exd3 67. Kc3 Kc5 68. Kxd3 f4 69. b3 f3 70. Ke3 f2 1-0

[Event "Titled Tuesday intern op 15th June"]
[Site "Chess.com INT"]
[Date "2021.06.15"]
[Round "2"]
[White "Michailov, Matias"]
[Black "Alvarez Fernandez, Enrique"]
[Result "1-0"]
[WhiteElo "2249"]
[BlackElo "2349"]
[PlyCount "20"]
[EventDate "2021.06.15"]
[EventType "swiss (blitz)"]
[EventRounds "11"]
[EventCountry "USA"]
[SourceTitle "CBM 203 Extra"]
[Source "ChessBase"]
[SourceDate "2021.09.30"]
[SourceVersion "1"]
[SourceVersionDate "2021.09.30"]
[SourceQuality "1"]

1. e4 c5 2. Nf3 Nc6 3. d4 cxd4 4. Nxd4 e6 5. Nc3 Nf6 6. Nxc6 bxc6 7. e5 Nd5 8. Ne4 Qc7 9. f4 d6 10. c4 Qa5+ 1-0

[Event "Titled Tuesday intern op 15th June"]
[Site "Chess.com INT"]
[Date "2021.06.15"]
[Round "8"]
[White "Michailov, Matias"]
[Black "Nguyen, Quoc Hy"]
[Result "1/2-1/2"]
[WhiteElo "2249"]
[BlackElo "2242"]
[PlyCount "53"]
[EventDate "2021.06.15"]
[EventType "swiss (blitz)"]
[EventRounds "11"]
[EventCountry "USA"]
[SourceTitle "CBM 203 Extra"]
[Source "ChessBase"]
[SourceDate "2021.09.30"]
[SourceVersion "1"]
[SourceVersionDate "2021.09.30"]
[SourceQuality "1"]

1. d4 d5 2. c4 c6 3. Nf3 e6 4. Qc2 f5 5. g3 Nf6 6. Bg2 Bd6 7. 0-0 0-0 8. Bf4 Bxf4 9. gxf4 Bd7 10. Nc3 Be8 11. b4 Bh5 12. Ne5 Nbd7 13. b5 Nxe5 14. fxe5 Ne4 15. f3 Nxc3 16. Qxc3 f4 17. Rab1 Rf5 18. Kh1 Be8 19. Bh3 Rh5 20. Bxe6+ Kh8 21. Bg4 Rxh2+ 22. Kxh2 Qh4+ 23. Kg2 Qg3+ 24. Kh1 Qh4+ 25. Kg2 Qg3+ 26. Kh1 Qh4+ 27. Kg2 1/2-1/2

[Event "Titled Tuesday intern op 15th June"]
[Site "Chess.com INT"]
[Date "2021.06.15"]
[Round "3"]
[White "Tristan, Leonardo"]
[Black "Michailov, Matias"]
[Result "1-0"]
[WhiteElo "2535"]
[BlackElo "2249"]
[PlyCount "97"]
[EventDate "2021.06.15"]
[EventType "swiss (blitz)"]
[EventRounds "11"]
[EventCountry "USA"]
[SourceTitle "CBM 203 Extra"]
[Source "ChessBase"]
[SourceDate "2021.09.30"]
[SourceVersion "1"]
[SourceVersionDate "2021.09.30"]
[SourceQuality "1"]

1. d4 Nf6 2. Bf4 g6 3. e3 Bg7 4. Nf3 0-0 5. Be2 d6 6. 0-0 c5 7. c3 b6 8. h3 Bb7 9. Nbd2 a6 10. a4 Nbd7 11. Bh2 Rc8 12. Bd3 Re8 13. Qe2 Ra8 14. e4 e5 15. dxe5 dxe5 16. Nc4 Qc7 17. Rad1 Nh5 18. Qd2 Rad8 19. Ne3 Nf4 20. Bxf4 exf4 21. Nd5 Bxd5 22. exd5 c4 23. Bc2 Nc5 24. Rfe1 Rxe1+ 25. Rxe1 Bf6 26. Rd1 Rd6 27. Qxf4 Kg7 28. Qxc4 b5 29. axb5 axb5 30. Qb4 Ra6 31. h4 Nb7 32. h5 Nd6 33. Qf4 Qd8 34. h6+ Kg8 35. Re1 Kf8 36. g4 Nc4 37. g5 Be7 38. b3 Na3 39. Qd4 f6 40. Bd3 Rd6 41. c4 bxc4 42. bxc4 Kf7 43. Qa7 Rd7 44. Qa6 Bd6 45. c5 Bxc5 46. Qe6+ Kf8 47. gxf6 Rf7 48. Ng5 Rxf6 49. Nxh7# 1-0

[Event "Titled Tuesday intern op 15th June"]
[Site "Chess.com INT"]
[Date "2021.06.15"]
[Round "6"]
[White "Viskelis, Darius"]
[Black "Michailov, Matias"]
[Result "0-1"]
[WhiteElo "2206"]
[BlackElo "2249"]
[PlyCount "74"]
[EventDate "2021.06.15"]
[EventType "swiss (blitz)"]
[EventRounds "11"]
[EventCountry "USA"]
[SourceTitle "CBM 203 Extra"]
[Source "ChessBase"]
[SourceDate "2021.09.30"]
[SourceVersion "1"]
[SourceVersionDate "2021.09.30"]
[SourceQuality "1"]

1. e4 c5 2. Nf3 d6 3. Bb5+ Bd7 4. Bxd7+ Qxd7 5. 0-0 Nc6 6. Re1 Nf6 7. c4 e6 8. b3 Be7 9. Bb2 0-0 10. d4 cxd4 11. Nxd4 a6 12. Nc3 Rab8 13. Rc1 Rfc8 14. Nxc6 Qxc6 15. Qe2 Qc5 16. Qe3 Qh5 17. f3 Nd7 18. Kh1 b5 19. Qa7 Rd8 20. Qxa6 Nc5 21. Qa7 Rb7 22. Qa5 Nd3 23. Nxb5 Nxe1 24. Rxe1 h6 25. Qc3 Qg6 26. a4 Ra8 27. Rd1 Ra6 28. g3 h5 29. Ba3 h4 30. Kg2 Rbb6 31. a5 Rc6 32. b4 Bf6 33. Qd3 Be5 34. g4 Qf6 35. Bc1 h3+ 36. Kg1 g5 37. Qe3 Rxc4 0-1

[Event "Titled Tuesday intern op 27th Apr"]
[Site "Chess.com INT"]
[Date "2021.04.27"]
[Round "2"]
[White "Michailov, Matias"]
[Black "Lauridsen, Jesper Morch"]
[Result "1-0"]
[WhiteElo "2249"]
[BlackElo "2215"]
[PlyCount "95"]
[EventDate "2021.04.27"]
[EventType "swiss (blitz)"]
[EventRounds "11"]
[EventCountry "USA"]
[SourceTitle "CBM 202 Extra"]
[Source "ChessBase"]
[SourceDate "2021.07.31"]
[SourceVersion "1"]
[SourceVersionDate "2021.07.31"]
[SourceQuality "1"]

1. d4 Nf6 2. Nf3 e6 3. g3 c5 4. c4 cxd4 5. Nxd4 d5 6. Bg2 e5 7. Nf3 d4 8. 0-0 Nc6 9. e3 Be7 10. exd4 exd4 11. Bf4 0-0 12. Nbd2 Bf5 13. Nb3 d3 14. Ne5 Nxe5 15. Bxe5 Qc8 16. Re1 Qxc4 17. Rc1 Qa6 18. Rc7 Rae8 19. Bxb7 Qb6 20. Qf3 Bg4 21. Qc6 Bd6 22. Qxb6 axb6 23. Bxd6 Rxe1+ 24. Kg2 Rfe8 25. Bb4 Rb1 26. Bc3 Ne4 27. Bxe4 Rxe4 28. Nd2 Ree1 29. Nxb1 Rxb1 30. Rb7 h5 31. Rxb6 Be2 32. a4 g5 33. f3 g4 34. fxg4 hxg4 35. Kf2 Rf1+ 36. Ke3 Rf3+ 37. Ke4 Rf2 38. Rd6 Rxh2 39. a5 Kh7 40. a6 Bf3+ 41. Kf4 Rf2 42. Kg5 Ba8 43. Rd8 f6+ 44. Bxf6 Rxf6 45. Kxf6 Be4 46. a7 Bd5 47. Rxd5 d2 48. Rxd2 1-0

[Event "URU-ch 91st"]
[Site "Montevideo"]
[Date "2021.03.14"]
[Round "2"]
[White "Dominguez, Facundo"]
[Black "Michailov, Matias"]
[Result "1/2-1/2"]
[WhiteElo "2160"]
[BlackElo "2251"]
[PlyCount "105"]
[EventDate "2021.03.13"]
[EventType "tourn"]
[EventRounds "9"]
[EventCountry "URU"]
[EventCategory "1"]
[SourceTitle "EXT 2022"]
[Source "ChessBase"]
[SourceDate "2021.10.06"]
[SourceVersion "1"]
[SourceVersionDate "2021.10.06"]
[SourceQuality "1"]

1. e4 e6 2. d4 d5 3. Nd2 Nf6 4. e5 Nfd7 5. f4 c5 6. c3 Nc6 7. Ndf3 cxd4 8. cxd4 a5 9. Bd3 Nb6 10. Ne2 a4 11. 0-0 Bd7 12. g4 Nc4 13. f5 Qb6 14. Kh1 Nb4 15. Bb1 Be7 16. Nf4 0-0-0 17. a3 Nc6 18. Bc2 N6a5 19. Bxa4 Bxa4 20. Qxa4 h5 21. gxh5 Qb3 22. Qxb3 Nxb3 23. Rb1 Kd7 24. fxe6+ fxe6 25. Ng6 Rxh5 26. Nxe7 Nxc1 27. Nxd5 Nd3 28. Nc3 Ne3 29. Ne4 Nxf1 30. Rxf1 Rf8 31. Kg2 b6 32. b4 Rhh8 33. Rd1 Nf4+ 34. Kg1 Nd5 35. Rd3 Rc8 36. Nfd2 Rc1+ 37. Nf1 Rf8 38. Ned2 Rf4 39. Rg3 Rxd4 40. Rxg7+ Kc6 41. Nb3 Rxf1+ 42. Kxf1 Re4 43. Rg5 Kb5 44. Nd2 Re3 45. Rg3 Rxe5 46. h4 Rh5 47. Rh3 Nf4 48. Rh1 Ka4 49. Kf2 Kxa3 50. Nc4+ Kxb4 51. Nxb6 Kc5 52. Nd7+ Kd6 53. Nf6 1/2-1/2

[Event "Titled Tuesday intern op 03rd Nov"]
[Site "Chess.com INT"]
[Date "2020.11.03"]
[Round "2"]
[White "Arakhamia Grant, Ketevan"]
[Black "Michailov, Matias"]
[Result "1-0"]
[WhiteElo "2380"]
[BlackElo "2263"]
[PlyCount "61"]
[EventDate "2020.11.03"]
[EventType "swiss (blitz)"]
[EventRounds "11"]
[EventCountry "USA"]
[SourceTitle "CBM 199 Extra"]
[Source "ChessBase"]
[SourceDate "2021.01.31"]
[SourceVersion "1"]
[SourceVersionDate "2021.01.31"]
[SourceQuality "1"]

1. e4 c5 2. Nf3 d6 3. Bb5+ Bd7 4. Bxd7+ Qxd7 5. 0-0 Nc6 6. c3 Nf6 7. Re1 e6 8. d4 cxd4 9. cxd4 d5 10. e5 Ne4 11. Nbd2 Nxd2 12. Bxd2 Be7 13. Rc1 0-0 14. a3 Rfc8 15. Rc3 b6 16. h4 Na5 17. Rd3 Nc4 18. Bc1 a5 19. Nh2 b5 20. Qh5 b4 21. axb4 axb4 22. b3 Na3 23. Rf3 Bf8 24. Ng4 Rc3 25. Be3 Nc2 26. Nf6+ gxf6 27. Rg3+ Kh8 28. Qg4 Bh6 29. Bxh6 Rxg3 30. Bg7+ Kg8 31. Qxg3 1-0

[Event "Speed Chess Super Swiss"]
[Site "Chess.com INT"]
[Date "2020.10.03"]
[Round "9"]
[White "Michailov, Matias"]
[Black "Maly, Alexey"]
[Result "0-1"]
[WhiteElo "2263"]
[BlackElo "2371"]
[PlyCount "42"]
[EventDate "2020.10.03"]
[EventType "swiss (blitz)"]
[EventRounds "15"]
[EventCountry "USA"]
[SourceTitle "CBM 198 Extra"]
[Source "ChessBase"]
[SourceDate "2020.11.30"]
[SourceVersion "1"]
[SourceVersionDate "2020.11.30"]
[SourceQuality "1"]

1. d4 d5 2. c4 dxc4 3. Nf3 Nf6 4. e3 e6 5. Bxc4 a6 6. 0-0 b5 7. Bb3 Bb7 8. Qe2 Nbd7 9. Nc3 c5 10. Rd1 Be7 11. a4 b4 12. Nb1 0-0 13. Nbd2 Qc7 14. Nc4 Rad8 15. a5 Ng4 16. g3 Qc6 17. Ncd2 Nde5 18. d5 exd5 19. Nxe5 Nxe5 20. Ba4 Qg6 21. e4 dxe4 0-1